Responses for Show #7438 - Wednesday, January 4, 2017

Contestants

[<< previous game]

Megan Soto, a student services supervisor from San Diego, California

Rich Betz, a teacher from Honesdale, Pennsylvania

Amanda Berofsky, a quality assurance analyst from Waterford, Michigan (whose 1-day cash winnings total $5,999)

[next game >>]

Jeopardy! Round responses

HISTORIC OBJECTS
GERMANY'S NEXT TOP MODEL
TV THEMES
DUMB DOWN THE SAYING
DON "E"
(Alex: Each correct response will begin with the letter E, and it'll be a piece of apparel--something you would don, something you would wear.)
MARIE
    $200 11
the Bastille

Amanda
    $200 22
Volkswagen

Megan
    $200 1
Cheers

Amanda
    $200 6
(Rich: What is "sleeping on the wrong side of the bed"?)

"waking up on the wrong side of the bed"

AmandaRich
    $200 12
earmuffs

Amanda
    $200 17
Madame Tussaud

Rich
    $400 23
BMW

Rich
    $400 2
Malcolm in the Middle

Rich
    $400 7
(Amanda: What is "at the bottom of a totem pole"?)
(Megan: What is "the lowest on the totem pole"?)

"the low man on the totem pole"

AmandaRichMegan
    $400 13
Eton

Megan
    $400 18
Warsaw

Amanda
    $2,500 29
(Amanda: What is the tapestry... I can't remember.)
...
[The end-of-round signal sounds.]

the Bayeux Tapestry

Amanda
    $600 24
a smart car

Megan
    $600 3
The A-Team

Megan
    $600 8
"everything's coming up roses"

Megan
    $600 14
an espadrille

Megan
    $600 19
Maria Theresa

Triple Stumper
    $800 28
the Shroud of Turin

Amanda
    $800 25
(Alex: With less than a minute now.)

Porsche

Rich
    $800 4
The Mary Tyler Moore Show

Triple Stumper
    $800 9
"sticking out like a sore thumb"

Megan
    $800 15
empire waist

Amanda
    $800 20
New Orleans

Amanda
    $1000 27
the Rosetta Stone

Triple Stumper
    $1000 26
the Audi

Amanda
    $1000 5
Mighty Mouse

Megan
    $1000 10
"he's got bats in his belfry"

Rich
    $1000 16
Ellis

Megan
    $1000 21
Marie Kondo

Triple Stumper

Scores at the first commercial break (after clue 15):

Amanda Rich Megan
$1,200 $1,600 $3,600

Scores at the end of the Jeopardy! Round:

Amanda Rich Megan
$1,700 $3,000 $5,400

Double Jeopardy! Round responses

INTERVIEWS
WORDS FROM THE GREEK
TOP 40 BEFORE & AFTER
19th CENTURY NOVEL CHARACTERS
EARLY HUMANOIDS
"V"ACATION SPOTS
    $400 6
Benazir Bhutto

Amanda
    $400 11
diagnose

Megan
    $400 16
(Megan: What is, uh, "Hit Me One More Time After Time"?)
[Originally ruled correct; reversed before the first Daily Double at clue 21]

"...Baby One More Time After Time"

Megan
Triple Stumper
    $400 17
Pride and Prejudice

Megan
    $400 26
[The end-of-round signal sounds.]

bamboo

Amanda
    $400 1
Vatican City

Triple Stumper
    $800 7
Monica Lewinsky

Amanda
    $800 12
charisma

Triple Stumper
    $800 22
(Alex: Less than a minute now.)

"Thrift Shop Around"

Amanda
    $800 18
(Amanda: What is Treasure Island?)

Oliver Twist

Amanda
Triple Stumper
    $800 2
Seville

Megan
    $1200 8
Flint

Amanda
    $1200 13
miasma

Megan
    $1200 25
"Call Me Maybe I'm Amazed"

Amanda
    $1200 19
Dracula

Amanda
    $1200 3
Latvia

Megan
    $1600 9
James Frey

Triple Stumper
    $1600 14
plethora

Amanda
    $1600 24
"You Light Up My Life In The Fast Lane"

Amanda
    $1600 20
The Adventures of Huckleberry Finn

Triple Stumper
    $1600 4
Galveston

Amanda
    $2000 10
(Lindsey) Graham

Amanda
    $2000 15
hemorrhage

Amanda
    $2000 23
"Gangsta's Paradise By The Dashboard Light"

Triple Stumper
    $1,700 21
(Amanda: What is A Tale of Two Cities?)

Les Miserables

Amanda
    $2000 5
(Rich: What is Venezuela?)

El Salvador

Rich
Triple Stumper

Scores at the end of the Double Jeopardy! Round:

Amanda Rich Megan
$14,000 $1,000 $9,000

[wagering suggestions for these scores]

Final Jeopardy! Round responses

CLASSIC MOVIE ROLES
(Alex: He was 11 years old and got the role of Piggy.)
RichWhat is Hey Benny!
$800
MeganWhat is
$1,000
AmandaWhat is West Side Story?
$4,001
Lord of the Flies

Final scores:

Amanda Rich Megan
$9,999 $200 $8,000
2-day champion: $15,998 3rd place: $1,000 2nd place: $2,000

Game dynamics:

Coryat scores:

Amanda Rich Megan
$18,200 $1,000 $9,000
21 R,
4 W
(including 2 DDs)
6 R,
2 W
14 R,
2 W

Combined Coryat: $28,200

[game clues] [game scores] [suggest correction]

Game tape date: Unknown
The J! Archive is created by fans, for fans. Scraping, republication, monetization, and malicious use prohibited; this site may use cookies and collect identifying information. See terms. The Jeopardy! game show and all elements thereof, including but not limited to copyright and trademark thereto, are the property of Jeopardy Productions, Inc. and are protected under law. This website is not affiliated with, sponsored by, or operated by Jeopardy Productions, Inc. Join the discussion at JBoard.tv.